000 01732cam a2200133 4500500
005 20260405085552.0
041 _afre
042 _adc
100 1 0 _aEck, Jean-François
_eauthor
245 0 0 _aHistoire de l'économie française : De la crise de 1929 à l'euro
260 _bArmand Colin,
_c2009.
520 _aEn 1929, à la veille de la crise des années 1930, l’économie française restait largement marquée par l’héritage des siècles passés avec la prédominance du monde rural et un quasi-équilibre dans la répartition sectorielle de la population active. Le protectionnisme accompagnait les relations privilégiées avec l’empire colonial tandis que l’État restait fidèle au libéralisme traditionnel. En 1999, au moment du remplacement du franc par l’euro, le contexte est bien différent : tertiairisation, désindustrialisation, importance du capitalisme de groupe, insertion dans les rouages de l’économie européenne, rôle décisif des pouvoirs publics dans les grandes orientations. Pourquoi un tel contraste ? Comment se sont recomposés les acteurs et les institutions qui encadrent l’économie ? Quelle a été l’évolution des secteurs et des régions ? L’ouvrage prend en compte le renouvellement de l’historiographie et les débats qui ont opposé les historiens à son sujet comme les « Trente Glorieuses » ou « la crise postérieure aux chocs pétroliers ». Au seuil d’une nouvelle période de difficultés, il vise à amener à une meilleure compréhension des enjeux que recèlent pour l’économie française les débuts du XXIe siècle.
856 4 1 _uhttps://shs.cairn.info/histoire-de-l-economie-francaise--9782200345105?lang=fr&redirect-ssocas=7080
999 _c2198612
_d2198612